00611cam a22002053a 450000100060000000300060000600500170001200800410002904000150007004200070008505000060009210000370009824500790013526000290021450600300024351600200027365300410029383000290033485600420036319394PGUSA20140828083418.0060927s2006||||xxu|||||s|||||000 | eng d aPGUSAbeng adc 4aM1 aStanton, Frank Lebby,d1857-192710aYou'll git dar in de mornin'h[electronic resource] /cFrank Lebby Stanton bProject Gutenberg,c2006 aPublic domain in the USA. aElectronic text aAfrican Americans -- Songs and music 0aProject Gutenbergv1939440uhttp://www.gutenberg.org/ebooks/19394